00728nam a22002055i 4500001000700000003000900007005001700016007000300033008004100036080001200077100002200089245014500111260004000256300003900296490004800335650004000383700001500423830004800438852003600486176052ES-MaACL20230906215956.0t|101214s1960 sp a r ||||1| spa d a629.0831 aNávez, Fernand.10aAverías eléctricas del automóvil b: (localización y reparación) /cpor F. Návez ; versión en lengua española por G. Losada. aBarcelona : bJuan Bruguer, c1960. a295 p. : bil. bl. y n. ; c22 cm.1 aBiblioteca práctica del automóvil ; v3 4aAutomóviles-xEquipo eléctrico.1 aLosada, G.0 aBiblioteca práctica del automóvil ; v3 aES-MaACLjE-13788 xOlim P-774